[Event "FBL 1"]
[Site "?"]
[Date "2017.03.04"]
[Round "5.4"]
[White "Zschischang, Marine"]
[Black "Jelica, Mara"]
[Result "1-0"]
[WhiteElo "2045"]
[BlackElo "2099"]
[PlyCount "125"]
[EventDate "2016.10.22"]
[EventType "team-tourn"]
[EventCountry "GER"]
[WhiteTeam "Lehrte SK"]
[BlackTeam "Deizisau SF"]
[WhiteTeamCountry "GER"]
[BlackTeamCountry "GER"]

1. d4 Nf6 2. Nc3 d5 3. Bf4 Nh5 4. Bg5 h6 5. Bh4 g5 6. e3 Ng7 7. Bg3 h5 8. Bd3
Bf5 9. h3 e6 10. Nf3 Nc6 11. Bb5 a6 12. Bxc6+ bxc6 13. Na4 Bd6 14. Ne5 f6 15.
Nd3 Bxg3 16. fxg3 Qd6 17. Kf2 Bxd3 18. cxd3 Nf5 19. Qf3 Qb4 20. Qd1 Qd6 21. Qf3
Ke7 22. Nc5 a5 23. b3 Rag8 24. g4 hxg4 25. hxg4 Nh4 26. Qe2 Ng6 27. g3 Kf7 28.
Kg2 Kg7 29. Rxh8 Rxh8 30. Qd2 Nh4+ 31. gxh4 Rxh4 32. Rh1 Rxh1 33. Kxh1 Qg3 34.
Nxe6+ Kg6 35. Qe2 Qh3+ 36. Kg1 Qg3+ 37. Kf1 Qh3+ 38. Ke1 Qh1+ 39. Kd2 Qb1 40.
Nc5 Qxa2+ 41. Ke1 Qa1+ 42. Qd1 Qb2 43. Kf1 Qh2 44. Qf3 Qd2 45. Qf5+ Kf7 46.
Qd7+ Kg8 47. Qe8+ Kh7 48. Qf7+ Kh8 49. Qxf6+ Kh7 50. Qf7+ Kh8 51. Qh5+ Kg8 52.
Qxg5+ Kh7 53. Qf5+ Kh8 54. Qc8+ Kh7 55. Qxc7+ Kh6 56. Qxc6+ Kg5 57. Qxd5+ Kh6
58. g5+ Kg6 59. Qe6+ Kh5 60. Qh3+ Kg6 61. Qh6+ Kf7 62. g6+ Ke8 63. Qh8+ 1-0

[Event "FBL 1"]
[Site "?"]
[Date "2017.03.04"]
[Round "5.5"]
[White "Lauterbach, Ingrid"]
[Black "Markgraf, Claudia"]
[Result "1-0"]
[WhiteElo "2110"]
[BlackElo "1959"]
[PlyCount "173"]
[EventDate "2016.10.22"]
[EventType "team-tourn"]
[EventCountry "GER"]
[WhiteTeam "Deizisau SF"]
[BlackTeam "Lehrte SK"]
[WhiteTeamCountry "GER"]
[BlackTeamCountry "GER"]

1. Nf3 Nf6 2. g3 d5 3. Bg2 c5 4. d3 Nc6 5. Nbd2 e5 6. e4 dxe4 7. dxe4 Bg4 8. h3
Bh5 9. O-O Qc7 10. c3 O-O-O 11. Qc2 Be7 12. Re1 Rd7 13. Nc4 Rhd8 14. Ne3 Bg6
15. Nh4 Bh5 16. Nhf5 Bf8 17. g4 Bg6 18. Nh4 Qa5 19. Nxg6 hxg6 20. Nc4 Qa6 21.
Bf1 b5 22. Ne3 c4 23. a4 Bc5 24. axb5 Qxa1 25. bxc6 Rc7 26. Nxc4 Rxc6 27. Nxe5
Rc7 28. Nd3 Qa2 29. Bf4 Rc6 30. Ne5 Rb6 31. Nc4 Rb7 32. Qe2 Qa4 33. b4 Bb6 34.
Nd6+ Rxd6 35. Bxd6 Qc6 36. Qc4 Qxc4 37. Bxc4 Rd7 38. Bf4 a5 39. Ra1 axb4 40.
cxb4 Nxe4 41. Bb5 Ra7 42. Rxa7 Bxa7 43. Be3 Bxe3 44. fxe3 g5 45. Bd3 Nd6 46.
Kf2 f6 47. e4 Nf7 48. Ke3 Kc7 49. Kd4 Kc6 50. Be2 Ne5 51. b5+ Kd6 52. Bd1 Nd7
53. Bb3 Nb6 54. Bd5 Nd7 55. Bb3 Nb6 56. Bf7 Nd7 57. Bd5 Nb6 58. Bc6 Nc8 59. Kc4
Nb6+ 60. Kb4 Nc8 61. Bb7 Nb6 62. Bd5 Nd7 63. Ba8 Nb6 64. Bc6 Nc8 65. Ka5 Kc5
66. Bd5 Nb6 67. Be6 Na8 68. Bd7 Nb6 69. Bc6 Nc8 70. Bd5 Nb6 71. Be6 Na8 72. Bd7
Nb6 73. Bc6 Nc8 74. Ka6 Nb6 75. Kb7 Nc4 76. Kc7 Nb6 77. Kd8 Kd6 78. Ke8 Ke6 79.
Bd5+ Ke5 80. Kf7 Nd7 81. Kxg7 Nb6 82. Kf7 Na4 83. Ke7 Nb6 84. Bc6 Nc8+ 85. Kd7
Nd6 86. b6 Nc4 87. b7 1-0

[Event "FBL 1"]
[Site "?"]
[Date "2017.03.04"]
[Round "5.6"]
[White "Braje, Monika"]
[Black "Noppes, Marina"]
[Result "1-0"]
[WhiteElo "1787"]
[BlackElo "1992"]
[PlyCount "119"]
[EventDate "2016.10.22"]
[EventType "team-tourn"]
[EventCountry "GER"]
[WhiteTeam "Lehrte SK"]
[BlackTeam "Deizisau SF"]
[WhiteTeamCountry "GER"]
[BlackTeamCountry "GER"]

1. e4 c5 2. d4 cxd4 3. c3 dxc3 4. Nxc3 Nc6 5. Nf3 d6 6. Bc4 e6 7. O-O a6 8. Qe2
Qc7 9. Rd1 Nf6 10. h3 Be7 11. Bf4 Na5 12. Bd3 e5 13. Bd2 Be6 14. Rac1 Nc6 15.
Be3 h6 16. Bb1 Qa5 17. b3 O-O 18. Na4 Nd7 19. Bd2 Qd8 20. Be3 Rc8 21. Rc2 f5
22. exf5 Bxf5 23. Rcd2 Bxb1 24. Rxb1 b5 25. Nc3 Nb4 26. Nd5 Nxd5 27. Rxd5 Nf6
28. Rdd1 Qe8 29. Qd2 Qf7 30. Rf1 Nd5 31. Rbd1 Nc3 32. Rc1 Ne4 33. Qd3 Rxc1 34.
Rxc1 Qe6 35. Qxe4 Bf6 36. Rd1 Kh8 37. Qc6 Qf5 38. Qxa6 Qc2 39. Rxd6 e4 40. Rxf6
Qd1+ 41. Kh2 gxf6 42. Nd4 Qh5 43. Qxb5 f5 44. Qe5+ Kh7 45. Bf4 Qg6 46. a4 h5
47. Qe7+ Rf7 48. Qg5 Qxg5 49. Bxg5 f4 50. h4 Kg8 51. Ne6 f3 52. g3 Rb7 53. Nc5
Rb4 54. Be3 Kf7 55. g4 hxg4 56. Kg3 Kf6 57. Kxg4 Ke5 58. h5 Kd5 59. h6 Rb8 60.
a5 1-0

[Event "FBL 1"]
[Site "?"]
[Date "2017.03.04"]
[Round "5.1"]
[White "Javakhishvili, Lela"]
[Black "Troyke, Doreen"]
[Result "1-0"]
[WhiteElo "2455"]
[BlackElo "2105"]
[PlyCount "49"]
[EventDate "2016.10.22"]
[EventType "team-tourn"]
[EventCountry "GER"]
[WhiteTeam "Schwaebisch Hall SK"]
[BlackTeam "Erfurt SV Medizin"]
[WhiteTeamCountry "GER"]
[BlackTeamCountry "GER"]

1. d4 d5 2. c4 e6 3. Nc3 Nf6 4. cxd5 exd5 5. Bg5 Be7 6. e3 c6 7. Qc2 O-O 8. Bd3
h6 9. Bh4 Be6 10. Nge2 Nbd7 11. Nf4 Ng4 12. Bg3 Bh4 13. O-O-O Rc8 14. Qe2 Bxg3
15. hxg3 Ngf6 16. g4 c5 17. Nxe6 fxe6 18. f4 Qc7 19. g3 Qa5 20. Kb1 Rc6 21. g5
Rb6 22. gxf6 Qxc3 23. fxg7 Rf7 24. Rxh6 Rxg7 25. Rxe6 1-0

[Event "FBL 1"]
[Site "?"]
[Date "2017.03.04"]
[Round "5.2"]
[White "Mueller Ludwig, Kristin"]
[Black "Daulyte, Deimante"]
[Result "0-1"]
[WhiteElo "2083"]
[BlackElo "2447"]
[PlyCount "86"]
[EventDate "2016.10.22"]
[EventType "team-tourn"]
[EventCountry "GER"]
[WhiteTeam "Erfurt SV Medizin"]
[BlackTeam "Schwaebisch Hall SK"]
[WhiteTeamCountry "GER"]
[BlackTeamCountry "GER"]

1. e4 d6 2. d4 Nf6 3. Nc3 Nbd7 4. Be3 e5 5. f3 Be7 6. Nge2 c6 7. Qd2 b5 8. g4
Nb6 9. Ng3 Qc7 10. g5 Ng8 11. h4 b4 12. Nd1 Be6 13. b3 d5 14. Rg1 Rd8 15. Qf2
Bd6 16. Nf5 Bxf5 17. exf5 Ne7 18. Bd3 g6 19. f6 Nf5 20. Bxf5 gxf5 21. Nb2 e4
22. fxe4 fxe4 23. h5 Rd7 24. O-O-O Kd8 25. Rdf1 Kc8 26. Nd1 Kb7 27. Qf5 a5 28.
Bf4 c5 29. dxc5 Qxc5 30. Be3 Qc6 31. Bd4 Bc5 32. Bxc5 Qxc5 33. Qe5 Rc8 34. Rg2
Rdc7 35. Kb1 a4 36. Qf5 axb3 37. axb3 Ra8 38. Qe5 Nd7 39. Qb2 d4 40. g6 hxg6
41. hxg6 fxg6 42. Rxg6 e3 43. Rg2 Qd5 0-1

[Event "FBL 1"]
[Site "?"]
[Date "2017.03.04"]
[Round "5.3"]
[White "Bulmaga, Irina"]
[Black "Anisheva, Varvara"]
[Result "1-0"]
[WhiteElo "2406"]
[BlackElo "2132"]
[PlyCount "117"]
[EventDate "2016.10.22"]
[EventType "team-tourn"]
[EventCountry "GER"]
[WhiteTeam "Schwaebisch Hall SK"]
[BlackTeam "Erfurt SV Medizin"]
[WhiteTeamCountry "GER"]
[BlackTeamCountry "GER"]

1. e4 c5 2. Nf3 Nc6 3. d4 cxd4 4. Nxd4 Qc7 5. Nc3 e6 6. Be3 a6 7. Be2 Nf6 8. a3
Be7 9. f4 d6 10. g4 h6 11. h4 Nxd4 12. Qxd4 e5 13. Qd3 exf4 14. Bxf4 Be6 15.
O-O-O O-O-O 16. Nd5 Nxd5 17. exd5 Bd7 18. Qb3 Rde8 19. Rd4 b5 20. Rh3 Bf6 21.
Rc3 Bxd4 22. Rxc7+ Kxc7 23. Qb4 Be3+ 24. Bxe3 Rxe3 25. Bd3 Re5 26. a4 Rb8 27.
Qa5+ Rb6 28. Qc3+ Kd8 29. Qd4 Rb7 30. a5 f6 31. Qb4 Ke7 32. Qd4 Be8 33. b3 Bf7
34. c4 bxc4 35. Bxc4 Kd7 36. Kb2 Rc7 37. Qb6 Bxd5 38. Bxd5 Rxd5 39. Qxa6 Rdc5
40. h5 Rc2+ 41. Ka3 R2c6 42. Qb5 Ra7 43. b4 Rac7 44. Ka4 Ke6 45. Qf5+ Ke7 46.
Kb5 Rc3 47. a6 Ra3 48. Kb6 Rd7 49. Qe4+ Kd8 50. Qa8+ Ke7 51. Qe4+ Kd8 52. Qd5
Ke7 53. b5 Rd8 54. a7 Ra4 55. Qb3 Ra1 56. Qe3+ Kd7 57. Kb7 Rf8 58. b6 d5 59.
Qc5 1-0

[Event "FBL 1"]
[Site "?"]
[Date "2017.03.04"]
[Round "5.4"]
[White "Umpfenbach, Carolin"]
[Black "Papp, Petra"]
[Result "0-1"]
[WhiteElo "2122"]
[BlackElo "2352"]
[PlyCount "72"]
[EventDate "2016.10.22"]
[EventType "team-tourn"]
[EventCountry "GER"]
[WhiteTeam "Erfurt SV Medizin"]
[BlackTeam "Schwaebisch Hall SK"]
[WhiteTeamCountry "GER"]
[BlackTeamCountry "GER"]

1. d4 Nf6 2. c4 g6 3. Nc3 d5 4. Nf3 Bg7 5. e3 O-O 6. Qb3 e6 7. Be2 b6 8. cxd5
exd5 9. Qa3 Ne4 10. O-O Re8 11. Rd1 Bb7 12. Rb1 a6 13. Qb3 Qd6 14. Nxe4 Rxe4
15. Bd2 a5 16. Rbc1 Nd7 17. Be1 Re7 18. Nd2 Bxd4 19. exd4 Rxe2 20. Nf3 Rae8 21.
Bd2 Ba6 22. Be3 Bc4 23. Qc3 b5 24. b3 b4 25. Qa1 Bb5 26. Kh1 Nf6 27. Rc5 c6 28.
Qb1 Ne4 29. Rxb5 cxb5 30. Qd3 Nxf2+ 31. Bxf2 Rxf2 32. Ne5 Rxe5 33. dxe5 Qxe5
34. Qxb5 Qe4 35. Rg1 Rxa2 36. h3 Kg7 0-1

[Event "FBL 1"]
[Site "?"]
[Date "2017.03.04"]
[Round "5.5"]
[White "Ambartsumova, Karina"]
[Black "von der  Weth von Nordheim, Petra"]
[Result "1-0"]
[WhiteElo "2322"]
[BlackElo "1985"]
[PlyCount "47"]
[EventDate "2016.10.22"]
[EventType "team-tourn"]
[EventCountry "GER"]
[WhiteTeam "Schwaebisch Hall SK"]
[BlackTeam "Erfurt SV Medizin"]
[WhiteTeamCountry "GER"]
[BlackTeamCountry "GER"]

1. d4 d5 2. Bf4 Nf6 3. Nf3 c5 4. e3 e6 5. c3 Nc6 6. Nbd2 Be7 7. Bd3 h6 8. h3
cxd4 9. exd4 Bd6 10. Ne5 Bxe5 11. dxe5 Nd7 12. Nf3 O-O 13. Bc2 f5 14. h4 Qe8
15. h5 Nd8 16. Qe2 Nc5 17. Nd4 Nf7 18. O-O-O a5 19. g4 Ng5 20. Rdg1 fxg4 21.
Rxg4 Qf7 22. Qe3 Bd7 23. Bxg5 hxg5 24. Qxg5 1-0

[Event "FBL 1"]
[Site "?"]
[Date "2017.03.04"]
[Round "5.6"]
[White "Nguyen, Ha Thanh"]
[Black "Zpevakova, Jana"]
[Result "0-1"]
[WhiteElo "1788"]
[BlackElo "2063"]
[PlyCount "78"]
[EventDate "2016.10.22"]
[EventType "team-tourn"]
[EventCountry "GER"]
[WhiteTeam "Erfurt SV Medizin"]
[BlackTeam "Schwaebisch Hall SK"]
[WhiteTeamCountry "GER"]
[BlackTeamCountry "GER"]

1. e4 e6 2. d4 d5 3. Nc3 Bb4 4. e5 c5 5. a3 Bxc3+ 6. bxc3 Ne7 7. Qg4 Qc7 8.
Qxg7 Rg8 9. Qxh7 cxd4 10. Ne2 Nbc6 11. f4 dxc3 12. Qd3 d4 13. Ng3 Bd7 14. Ne4
O-O-O 15. Nd6+ Kb8 16. Rb1 Bc8 17. Nxf7 Rdf8 18. Nd6 Nf5 19. Ne4 b6 20. a4 Bb7
21. Nf2 Ka8 22. Rg1 Nh4 23. Kd1 Nxe5 24. Qh3 Neg6 25. Nd3 e5 26. Be2 e4 27. Nb4
Nf5 28. g3 Qd6 29. Bg4 Ne3+ 30. Ke1 Nxg4 31. Qxg4 Qc5 32. Qd1 Nxf4 33. Bxf4
Rxf4 34. Rf1 Rxf1+ 35. Kxf1 Rf8+ 36. Ke1 d3 37. Nxd3 exd3 38. Qxd3 Qf2+ 39. Kd1
Bf3+ 0-1

[Event "FBL 1"]
[Site "?"]
[Date "2017.03.04"]
[Round "5.1"]
[White "Schmidt, Jessica"]
[Black "Paehtz, Elisabeth"]
[Result "1/2-1/2"]
[WhiteElo "2262"]
[BlackElo "2468"]
[PlyCount "88"]
[EventDate "2016.10.22"]
[EventType "team-tourn"]
[EventCountry "GER"]
[WhiteTeam "Karlsruher SF"]
[BlackTeam "Hamburger SK"]
[WhiteTeamCountry "GER"]
[BlackTeamCountry "GER"]

1. d4 d6 2. c4 g6 3. Nc3 Bg7 4. e4 Nf6 5. Nf3 O-O 6. Be2 e5 7. dxe5 dxe5 8.
Qxd8 Rxd8 9. h3 Na6 10. Be3 Nh5 11. O-O Nf4 12. Rfd1 Nxe2+ 13. Nxe2 Be6 14. b3
f6 15. Nc3 Bf8 16. Rxd8 Rxd8 17. Rd1 Rxd1+ 18. Nxd1 Nb4 19. Nc3 a5 20. Ne1 Kf7
21. Kf1 a4 22. Nxa4 Nxa2 23. Nd3 b5 24. Nab2 c6 25. Ke1 Nb4 26. Kd2 Nxd3 27.
Kxd3 f5 28. f3 Ba3 29. Nd1 f4 30. Bf2 bxc4+ 31. bxc4 Ke7 32. Nc3 g5 33. Na4 Bc8
34. Kc3 Bd6 35. Nc5 h5 36. Nd3 g4 37. hxg4 hxg4 38. fxg4 Bxg4 39. g3 fxg3 40.
Bxg3 Ke6 41. Nb4 Bxb4+ 42. Kxb4 Bf3 43. Kc3 Bxe4 44. c5 Kd5 1/2-1/2

[Event "FBL 1"]
[Site "?"]
[Date "2017.03.04"]
[Round "5.2"]
[White "Fuchs, Judith"]
[Black "Mader, Manuela"]
[Result "1-0"]
[WhiteElo "2276"]
[BlackElo "2172"]
[PlyCount "71"]
[EventDate "2016.10.22"]
[EventType "team-tourn"]
[EventCountry "GER"]
[WhiteTeam "Hamburger SK"]
[BlackTeam "Karlsruher SF"]
[WhiteTeamCountry "GER"]
[BlackTeamCountry "GER"]

1. e4 c6 2. d4 d5 3. exd5 cxd5 4. c4 Nf6 5. Nc3 g6 6. Qb3 Bg7 7. cxd5 O-O 8.
Nge2 Na6 9. g3 Qb6 10. Qxb6 axb6 11. Bg2 Nb4 12. O-O Rd8 13. d6 Rxd6 14. Bf4
Rd7 15. Be5 Ne8 16. a3 Nc2 17. Rad1 f6 18. Bf4 e5 19. dxe5 fxe5 20. Bg5 Nd6 21.
Nd5 Nf7 22. Nxb6 Rxd1 23. Rxd1 Rb8 24. Bd5 h6 25. Be7 Bg4 26. Rd2 Ne1 27. Rd1
Nc2 28. Rc1 Re8 29. Bc5 Bxe2 30. Rxc2 Bd3 31. Rd2 e4 32. Nc4 Be5 33. Bd6 Bd4
34. Bf4 Rd8 35. Nd6 Rd7 36. Bxf7+ 1-0

[Event "FBL 1"]
[Site "?"]
[Date "2017.03.04"]
[Round "5.3"]
[White "Delemarre, Isabel"]
[Black "Hoolt, Sarah"]
[Result "1/2-1/2"]
[WhiteElo "2254"]
[BlackElo "2371"]
[PlyCount "100"]
[EventDate "2016.10.22"]
[EventType "team-tourn"]
[EventCountry "GER"]
[WhiteTeam "Karlsruher SF"]
[BlackTeam "Hamburger SK"]
[WhiteTeamCountry "GER"]
[BlackTeamCountry "GER"]

1. d4 Nf6 2. Bg5 d5 3. e3 Nbd7 4. Nf3 c5 5. c3 Qb6 6. Qb3 c4 7. Qc2 Qc6 8. Nbd2
b5 9. Be2 Bb7 10. a4 a6 11. O-O e6 12. axb5 axb5 13. Rxa8+ Bxa8 14. Ra1 Bd6 15.
Bf4 O-O 16. b4 Be7 17. Ra7 Bb7 18. Qa2 Bd8 19. Ne5 Nxe5 20. Bxe5 Nd7 21. Bg3
Bb6 22. Ra3 f6 23. Bg4 e5 24. f4 exd4 25. exd4 f5 26. Bf3 Bc7 27. Nf1 Nf6 28.
Ne3 Qe6 29. Qd2 Ne4 30. Bxe4 Qxe4 31. Ra7 Rb8 32. Nc2 Bd6 33. Ra1 Qe6 34. Qe3
Kf7 35. Kf2 Ra8 36. Rxa8 Bxa8 37. Qxe6+ Kxe6 38. Ke3 h6 39. h4 Kf6 40. Kf3 Bc6
41. Ne3 Ke6 42. Be1 Be8 43. g4 fxg4+ 44. Kxg4 h5+ 45. Kf3 Bg6 46. Bg3 Be4+ 47.
Kf2 Be7 48. Ke2 Kf7 49. Kd2 Bf3 50. Ke1 Be4 1/2-1/2

[Event "FBL 1"]
[Site "?"]
[Date "2017.03.04"]
[Round "5.4"]
[White "Rogozenco, Teodora"]
[Black "Heinatz, Maria"]
[Result "1-0"]
[WhiteElo "2017"]
[BlackElo "1997"]
[PlyCount "57"]
[EventDate "2016.10.22"]
[EventType "team-tourn"]
[EventCountry "GER"]
[WhiteTeam "Hamburger SK"]
[BlackTeam "Karlsruher SF"]
[WhiteTeamCountry "GER"]
[BlackTeamCountry "GER"]

1. d4 Nf6 2. c4 g6 3. Nc3 Bg7 4. g3 O-O 5. Bg2 d6 6. Nf3 c6 7. O-O Bf5 8. Re1
Ne4 9. Qb3 Nxc3 10. bxc3 Be4 11. Qxb7 Nd7 12. Bh3 Nb6 13. Bg5 f6 14. Nd2 Bf5
15. Bxf5 gxf5 16. Be3 Rc8 17. Qxa7 Rf7 18. Reb1 Rb8 19. Qa6 Qc7 20. Rb3 Nd7 21.
Rab1 Rff8 22. Rb7 Qc8 23. c5 d5 24. R1b4 e6 25. a4 h5 26. Nb3 Rd8 27. h4 Kh7
28. Na5 Ra8 29. Qxc6 1-0

[Event "FBL 1"]
[Site "?"]
[Date "2017.03.04"]
[Round "5.5"]
[White "Hund, Sarah"]
[Black "Hegeler, Anja"]
[Result "1/2-1/2"]
[WhiteElo "1961"]
[BlackElo "2143"]
[PlyCount "143"]
[EventDate "2016.10.22"]
[EventType "team-tourn"]
[EventCountry "GER"]
[WhiteTeam "Karlsruher SF"]
[BlackTeam "Hamburger SK"]
[WhiteTeamCountry "GER"]
[BlackTeamCountry "GER"]

1. e4 e6 2. d4 d5 3. Nc3 Nc6 4. Nf3 Nf6 5. e5 Ne4 6. Bd3 Bb4 7. Bd2 Bxc3 8.
bxc3 Nxd2 9. Qxd2 Na5 10. O-O h6 11. h3 b6 12. Nh2 Nc4 13. Qe2 Nb2 14. Bb5+ Bd7
15. a4 c6 16. Ba6 Bc8 17. Bxc8 Qxc8 18. Ng4 Nc4 19. Ne3 Nxe3 20. Qxe3 Qd7 21.
Rfb1 O-O 22. a5 b5 23. a6 Rab8 24. Qc1 Rfc8 25. Ra5 c5 26. Qb2 Rb6 27. Rxb5
Rxa6 28. Rb7 Qc6 29. Rb8 cxd4 30. cxd4 Kh7 31. Rb7 Rc7 32. Qb5 Qxb5 33. R1xb5
Rxb7 34. Rxb7 Ra1+ 35. Kh2 Kg6 36. Kg3 a5 37. Ra7 Ra4 38. c3 Ra3 39. Kf4 a4 40.
f3 h5 41. h4 Ra1 42. Kg3 a3 43. Kh2 a2 44. g4 Rf1 45. Rxa2 Rxf3 46. Rg2 Rxc3
47. gxh5+ Kh6 48. Rf2 Rc7 49. Kg3 Kxh5 50. Rf3 Kg6 51. Kg4 Kh6 52. h5 Rc1 53.
Rxf7 Rg1+ 54. Kh4 Rg5 55. Rf8 Rxh5+ 56. Kg4 Rg5+ 57. Kh4 Rg1 58. Re8 Rd1 59.
Rxe6+ g6 60. Rd6 Rxd4+ 61. Kg3 Kg5 62. e6 Kf6 63. e7+ Kxe7 64. Rxg6 Re4 65. Kf3
Re6 66. Rxe6+ Kxe6 67. Ke3 Ke5 68. Kd3 d4 69. Kd2 Ke4 70. Ke2 d3+ 71. Kd2 Kd4
72. Kd1 1/2-1/2

[Event "FBL 1"]
[Site "?"]
[Date "2017.03.04"]
[Round "5.6"]
[White "Schmidt, Jade"]
[Black "Scheynin, Julia"]
[Result "0-1"]
[WhiteElo "2131"]
[BlackElo "2028"]
[PlyCount "128"]
[EventDate "2016.10.22"]
[EventType "team-tourn"]
[EventCountry "GER"]
[WhiteTeam "Hamburger SK"]
[BlackTeam "Karlsruher SF"]
[WhiteTeamCountry "GER"]
[BlackTeamCountry "GER"]

1. d4 Nf6 2. c4 e6 3. Nc3 d5 4. Bg5 Be7 5. e3 O-O 6. cxd5 exd5 7. Bd3 Nbd7 8.
Qc2 Re8 9. Nge2 c6 10. O-O Nf8 11. f3 h6 12. Bh4 Ne6 13. Rad1 b6 14. Kh1 Bb7
15. Bf2 c5 16. Bb5 Rf8 17. dxc5 bxc5 18. Rd2 Qb6 19. Bd3 Rfd8 20. Rfd1 Bc6 21.
Bf5 Qa5 22. Bg3 Nf8 23. Nf4 c4 24. Nfe2 Ne6 25. Bxe6 fxe6 26. Nf4 Bd7 27. Ng6
Bc5 28. Re1 Be8 29. Nf4 Bf7 30. Bf2 e5 31. Nfe2 Re8 32. Ng3 Rad8 33. Red1 d4
34. exd4 exd4 35. Nce4 Nxe4 36. Nxe4 d3 37. Qc1 Bxf2 38. Rxf2 Qxa2 39. Qf4 Qb3
40. Rfd2 Qb6 41. h4 Qd4 42. Qg3 a5 43. Ra1 Ra8 44. Qc7 Qd8 45. Qg3 Qb8 46. Qg4
Qe5 47. Qd7 Be6 48. Qa4 Reb8 49. Qc6 Rc8 50. Qb6 Rcb8 51. Qc6 Qd5 52. Qc7 Rb7
53. Qg3 Rf8 54. Rc1 Qd4 55. Qd6 Qxd6 56. Nxd6 Rb4 57. Kg1 Rd8 58. Ne4 Rdb8 59.
Rb1 Bf7 60. Kf2 a4 61. Nc3 a3 62. Nd1 Rb3 63. Ra1 axb2 64. Rb1 c3 0-1

[Event "FBL 1"]
[Site "?"]
[Date "2017.03.04"]
[Round "5.1"]
[White "Dirmeier, Carolin"]
[Black "Savina, Anastasia"]
[Result "0-1"]
[WhiteElo "2029"]
[BlackElo "2372"]
[PlyCount "56"]
[EventDate "2016.10.22"]
[EventType "team-tourn"]
[EventCountry "GER"]
[WhiteTeam "Muenchen FC Bayern"]
[BlackTeam "Koenigshofen Bad SC"]
[WhiteTeamCountry "GER"]
[BlackTeamCountry "GER"]

1. e4 Nc6 2. Nf3 d5 3. exd5 Qxd5 4. Nc3 Qa5 5. g3 Bg4 6. Bg2 Nf6 7. h3 Bh5 8.
O-O O-O-O 9. g4 Bg6 10. d3 e5 11. Bd2 Qa6 12. Re1 Bd6 13. b4 Nxb4 14. Nxe5 Rhe8
15. Rb1 c6 16. f4 Nfd5 17. Ne4 Bxe4 18. Rxe4 f6 19. Nc4 Bc5+ 20. Kh1 Qxa2 21.
Rb2 Qa4 22. Rxe8 Rxe8 23. Bxb4 Bxb4 24. Qf3 Qa1+ 25. Kh2 Bc5 26. Bf1 Re1 27.
Kg2 Ne3+ 28. Nxe3 Rxe3 0-1

[Event "FBL 1"]
[Site "?"]
[Date "2017.03.04"]
[Round "5.2"]
[White "Osmanodja, Filiz"]
[Black "Vidonyak, Nellya"]
[Result "0-1"]
[WhiteElo "2360"]
[BlackElo "2123"]
[PlyCount "58"]
[EventDate "2016.10.22"]
[EventType "team-tourn"]
[EventCountry "GER"]
[WhiteTeam "Koenigshofen Bad SC"]
[BlackTeam "Muenchen FC Bayern"]
[WhiteTeamCountry "GER"]
[BlackTeamCountry "GER"]

1. e4 d6 2. d4 Nf6 3. Nc3 Nbd7 4. Nf3 e5 5. Bc4 Be7 6. O-O O-O 7. Re1 c6 8. a4
Qc7 9. a5 Rb8 10. Bf1 b5 11. axb6 axb6 12. d5 b5 13. b4 cxd5 14. Nxb5 Rxb5 15.
Bxb5 dxe4 16. Nd2 d5 17. Rb1 Nb6 18. Rb3 Bg4 19. Be2 Be6 20. c3 d4 21. cxd4
Bxb3 22. Nxb3 exd4 23. Qxd4 Rd8 24. Qe3 Nbd5 25. Qg5 Qc3 26. Nd2 e3 27. fxe3
Ne4 28. Bb2 Qxb2 29. Nc4 Qxb4 0-1

[Event "FBL 1"]
[Site "?"]
[Date "2017.03.04"]
[Round "5.3"]
[White "Ankerst, Milka"]
[Black "Melamed, Tatjana"]
[Result "1/2-1/2"]
[WhiteElo "2074"]
[BlackElo "2326"]
[PlyCount "121"]
[EventDate "2016.10.22"]
[EventType "team-tourn"]
[EventCountry "GER"]
[WhiteTeam "Muenchen FC Bayern"]
[BlackTeam "Koenigshofen Bad SC"]
[WhiteTeamCountry "GER"]
[BlackTeamCountry "GER"]

1. e4 c5 2. Nf3 e6 3. d4 cxd4 4. Nxd4 Nc6 5. Nc3 Qc7 6. Be2 a6 7. O-O Nf6 8.
Be3 Bb4 9. Na4 Be7 10. Nxc6 bxc6 11. Nb6 Rb8 12. Nxc8 Qxc8 13. b3 Nxe4 14. Qd3
f5 15. Bd4 O-O 16. Qxa6 c5 17. Bb2 d5 18. f3 Bf6 19. Bxf6 Nxf6 20. Qd6 Rd8 21.
Qe5 Qc6 22. Rfe1 Nd7 23. Qf4 Rf8 24. Rad1 e5 25. Qd2 Nf6 26. a4 Kh8 27. Bb5 Qc7
28. Qg5 g6 29. Qg3 f4 30. Qh4 Rb6 31. Rd2 Kg7 32. Rde2 Re6 33. Qh3 Qe7 34. Qh4
h6 35. Qf2 e4 36. fxe4 Nxe4 37. Qf3 Qf6 38. Qd3 Re5 39. c4 f3 40. gxf3 Qg5+ 41.
Rg2 Qh4 42. Re3 Ng5 43. cxd5 Nxf3+ 44. Kh1 Qh5 45. Qc3 Nd4 46. Rxe5 Qxe5 47.
Qg3 Qxg3 48. Rxg3 Nxb5 49. axb5 Rb8 50. Rf3 Rxb5 51. Kg2 Rb4 52. Re3 Kf7 53.
Rc3 Ke7 54. Rxc5 Rxb3 55. Rc6 Kf7 56. Rc7+ Kf6 57. Rc6+ Kf5 58. h3 Rd3 59. Rd6
h5 60. Rd8 Kf4 61. Rf8+ 1/2-1/2

[Event "FBL 1"]
[Site "?"]
[Date "2017.03.04"]
[Round "5.4"]
[White "Schoene, Maria"]
[Black "Spiel, Marianne"]
[Result "1-0"]
[WhiteElo "2280"]
[BlackElo "1931"]
[PlyCount "55"]
[EventDate "2016.10.22"]
[EventType "team-tourn"]
[EventCountry "GER"]
[WhiteTeam "Koenigshofen Bad SC"]
[BlackTeam "Muenchen FC Bayern"]
[WhiteTeamCountry "GER"]
[BlackTeamCountry "GER"]

1. e4 e6 2. d4 d5 3. Nc3 Nf6 4. Bg5 dxe4 5. Nxe4 Nbd7 6. Nxf6+ Nxf6 7. Bd3 c5
8. Qd2 cxd4 9. Nf3 Be7 10. O-O-O O-O 11. h4 Qd5 12. Kb1 e5 13. Rde1 Be6 14. b3
a5 15. Rxe5 Qd6 16. Bxf6 Bxf6 17. Rh5 g6 18. Qh6 Rfd8 19. Ng5 Bxg5 20. hxg5 Bd5
21. Re1 Be6 22. Qxh7+ Kf8 23. Qh8+ Ke7 24. Qf6+ Kd7 25. Bxg6 Bxb3 26. Bf5+ Be6
27. Qxf7+ Kc8 28. Qxe6+ 1-0

[Event "FBL 1"]
[Site "?"]
[Date "2017.03.04"]
[Round "5.5"]
[White "Schenk, Stefanie"]
[Black "Belenkaya, Dina"]
[Result "0-1"]
[WhiteElo "2080"]
[BlackElo "2319"]
[PlyCount "96"]
[EventDate "2016.10.22"]
[EventType "team-tourn"]
[EventCountry "GER"]
[WhiteTeam "Muenchen FC Bayern"]
[BlackTeam "Koenigshofen Bad SC"]
[WhiteTeamCountry "GER"]
[BlackTeamCountry "GER"]

1. Nf3 d5 2. g3 g6 3. Bg2 Bg7 4. O-O e5 5. d3 Ne7 6. e4 c6 7. Re1 d4 8. c3 c5
9. Bg5 O-O 10. Qc2 Be6 11. c4 Nd7 12. Nbd2 f6 13. Bh4 g5 14. Bxg5 fxg5 15. Nxg5
Bg4 16. h3 h5 17. Ngf3 Be6 18. Nh4 Qe8 19. g4 Ng6 20. Nf5 Nf4 21. Nf1 Kh7 22.
N1g3 Bf6 23. Rab1 Rg8 24. Kh2 Nxg2 25. Kxg2 Nf8 26. Kh2 Ng6 27. Nh4 Qd8 28. b4
cxb4 29. Rxb4 b6 30. Qa4 Bg5 31. Rd1 Bd7 32. Qc2 Nf4 33. Nhf5 Ne6 34. Rbb1 Bf4
35. Kg2 Nc5 36. Nxh5 Bxf5 37. exf5 Qd6 38. Nxf4 exf4 39. Re1 Rae8 40. Qd2 Qc6+
41. Kh2 Qf3 42. Rxe8 Rxe8 43. Re1 Rf8 44. Re7+ Kh8 45. Qe1 Nxd3 46. Qe6 Qxf2+
47. Kh1 Qf3+ 48. Kg1 Qg3+ 0-1